<?xml version="1.0" encoding="UTF-8"?><?xml-stylesheet type="text/xsl" href="static/style.xsl"?><OAI-PMH xmlns="http://www.openarchives.org/OAI/2.0/" xmlns:xsi="http://www.w3.org/2001/XMLSchema-instance" xsi:schemaLocation="http://www.openarchives.org/OAI/2.0/ http://www.openarchives.org/OAI/2.0/OAI-PMH.xsd"><responseDate>2026-06-01T12:19:51Z</responseDate><request verb="GetRecord" identifier="oai:riuma.uma.es:10630/40903" metadataPrefix="marc">https://riuma.uma.es/rest/oai/request</request><GetRecord><record><header><identifier>oai:riuma.uma.es:10630/40903</identifier><datestamp>2026-02-03T10:51:52Z</datestamp><setSpec>com_10630_2254</setSpec><setSpec>col_10630_37953</setSpec></header><metadata><record xmlns="http://www.loc.gov/MARC21/slim" xmlns:dcterms="http://purl.org/dc/terms/" xmlns:doc="http://www.lyncode.com/xoai" xmlns:xsi="http://www.w3.org/2001/XMLSchema-instance" xsi:schemaLocation="http://www.loc.gov/MARC21/slim http://www.loc.gov/standards/marcxml/schema/MARC21slim.xsd">
   <leader>00925njm 22002777a 4500</leader>
   <datafield ind2=" " ind1=" " tag="042">
      <subfield code="a">dc</subfield>
   </datafield>
   <datafield ind2=" " ind1=" " tag="720">
      <subfield code="a">Soler-García, Ismael Pablo</subfield>
      <subfield code="e">author</subfield>
   </datafield>
   <datafield ind2=" " ind1=" " tag="720">
      <subfield code="a">Gemar-Castillo, Germán</subfield>
      <subfield code="e">author</subfield>
   </datafield>
   <datafield ind2=" " ind1=" " tag="720">
      <subfield code="a">Jiménez-Madrid, Alberto</subfield>
      <subfield code="e">author</subfield>
   </datafield>
   <datafield ind2=" " ind1=" " tag="260">
      <subfield code="c">2017</subfield>
   </datafield>
   <datafield ind2=" " ind1=" " tag="520">
      <subfield code="a">Economic development and the search for competitiveness have become key issues in regions' economic success. However, despite the direct relationship between economic and environmental management, few land-use plans consider the latter aspect, and city managers delegate the responsibility for environmental impacts to state legislation and private initiatives. This myopic search for competitiveness has meant that a holistic view of environmental issues is often not integrated into municipal decision-making processes. Therefore, this study's objective was to determine the relevant direct and indirect relationships of land management and budgetary procedures of municipalities with overall production levels of hazardous waste. To this end, a primary tourist region, Málaga, was examined in terms of how this waste's environmental impacts can affect the region's vital tourism sector. This research used principal component analysis, regression by ordinary least squares, cluster analysis in two stages and a means test to compare the data for the Province of Malaga's subregions.&#xd;
The results confirm a positive relationship between municipal expenditure and waste production and highlight the environmental benefits of land use involving environmentally non-aggressive crops. The results also reveal a negative relationship between waste production and financial assets and a direct relationship between unproductive land and the production of hazardous waste. The findings also highlight the necessity of raising awareness about the need for collaboration between different agents, especially in the development of inter-municipal strategies.</subfield>
   </datafield>
   <datafield ind1="8" ind2=" " tag="024">
      <subfield code="a">Soler, Ismael P., German Gemar, and Alberto Jimenez-Madrid. "The impact of municipal budgets and land-use management on the hazardous waste production of Malaga municipalities." Environmental Impact Assessment Review 65 (2017): 21-28.</subfield>
   </datafield>
   <datafield ind1="8" ind2=" " tag="024">
      <subfield code="a">https://hdl.handle.net/10630/40903</subfield>
   </datafield>
   <datafield ind1="8" ind2=" " tag="024">
      <subfield code="a">10.1016/j.eiar.2017.04.001</subfield>
   </datafield>
   <datafield tag="653" ind2=" " ind1=" ">
      <subfield code="a">Presupuestos municipales - Málaga</subfield>
   </datafield>
   <datafield tag="653" ind2=" " ind1=" ">
      <subfield code="a">Depósitos de residuos peligrosos - Málaga</subfield>
   </datafield>
   <datafield tag="653" ind2=" " ind1=" ">
      <subfield code="a">Gestión del medio ambiente - Aspectos económicos</subfield>
   </datafield>
   <datafield ind2="0" ind1="0" tag="245">
      <subfield code="a">The impact of municipal budgets and land-use management on the hazardous waste production of Malaga municipalities</subfield>
   </datafield>
</record>
</metadata></record></GetRecord></OAI-PMH>